It looks like you're offline.
Open Library logo
additional options menu

MARC record from Internet Archive

LEADER: 00653cam a2200217 i 4500
001 78316177
003 DLC
005 19800924000000.0
008 780721s1978 gw a b 10000 eng
010 $a 78316177 //r80
015 $aGFR78-A
020 $a352808409X :$cDM125.00
050 0 $aTK7895.M4$bD52
082 0 $a621.3819/533$219
245 00 $aDigital memory and storage /$cWalter E. Proebster (ed.).
250 $a1. Aufl.
260 0 $aBraunschweig :$bVieweg,$c1978.
300 $avii, 423 p. :$bill. ;$c23 cm.
504 $aIncludes bibliographical references.
650 0 $aComputer storage devices$xCongresses.
700 10 $aProebster, Walter E.,$d1928-